Criminology 101 - Statistics

General Stats
  • This quiz has been taken 96 times
  • The average score is 12 of 29
Answer Stats
Clue Answer % Correct
1) Intentionally killing someone Murder
99%
2) Illegal/intentional fire setting Arson
93%
10) Entering property without permission Tresspass
76%
15) Illegal acts of offering sex/sexual favors formoney Prostitution
65%
20) Capturing/holding someone hostage Kidnapping
61%
6) Betraying ones country forsome type of gain Treason
61%
11) Staying around too long in one spot Loitering
58%
23) Taking/stealing by force or threat of force Robbery
54%
24) Unwanted/repeated surveillance of someone Stalking
54%
3) Lying in court Perjury
51%
7) Illegal hunting of protected animals Poaching
50%
19) Deception for personal gain, often forfinancial benefit Fraud
49%
12) Physical assault to someone Battery
47%
5) The above, but spoken Slander
42%
14) Illegal smuggling of goods or people Trafficking
40%
21) Breaking into someplace with intent tocommit a crime Burglary
38%
16) Giving goods/items in attempts to gainfavors in exchange Bribery
36%
26) Illegally signing another signature for ones own gain, for example Forgery
36%
22) Meeting with intent to commit a future crimeor planning one Conspiracy
33%
4) The act of defamation in print Libel
32%
28) Defamation of a person due to race, origin,orientation, etc Hate Crime
28%
18) Illegal concealment of money origin Laundering
26%
13) Disruption of court proceedings/interference Contempt
25%
30) This refers to a lesser criminal act with lessconsequences than a felony Misdemeanor
25%
25) Having more than one spouse Bigamy
21%
27) Stealing property without the person noticing,often by distraction of the person Pickpocketing
14%
17) Blackmailing someone to gain a positionover them Extortion
13%
8) Stealing/taking away something Larceny
13%
29) Encouraging another to commit a crime, oftenthru coercion Incitement
4%
No matching quizzes found
Score Distribution
Percent of People with Each Score
Percentile by Number Answered
Your Score History
You have not taken this quiz